00639nam a2200181Ia 4500008004100000020001500041041001200056082001600068100001800084245009300102260002500195300000800220650002100228700001900249942000700268999001500275952016700290221030s9999 xx 000 0 und d a8120327721 aEnglish a105.23bEsh aK. Eshraghian 0aEssentials of VLSI Circuits & Systems ( DEPARTMENTAL )cby K. Eshraghian, D. A. Pucknell bPHIaNew Delhic2005 a492 aECE Departmental aD. A. Pucknell cBK c1656d1656 pBE 7860g395.00l0o105.23 Eshr2022-10-30 00:00:00w2022-10-30yBK003Print4071aMIETLIBbMIETLIBcBL-Departmental, FL-1, CUP-77, SH-1, R-1d2006-02-2710HBE